| 000 | 01633nam a2200385 c 4500 | ||
|---|---|---|---|
| 003 | BLK | ||
| 005 | 20250205130431.0 | ||
| 008 | 180412b bul|||||r ||||||| ||bul|| | ||
| 010 | _aKNG00007158000 | ||
| 020 |
_a954-459-208-3 _bиздат.: Хермес |
||
| 040 | _aBLK | ||
| 041 |
_aBUL _cBUL |
||
| 072 | 7 |
_2bullib _aЛ _xЗдраве |
|
| 080 |
_aРазлични въпроси отнасящитесе до болестите, болните и мед. интервенция. Евтаназия (вж и 614. 23/. 26) _b616-01 _x(035) _z616-01(035) |
||
| 100 | 1 |
_aДжайънгранд, Пол _eпърви автор _960415 |
|
| 700 | 1 |
_aСивков, Стефан Тодоров _d1957 - _gЛекар. Превежда от английски език. _9120016 |
|
| 139 |
_aДжайънгранд, Пол _bД 49 |
||
| 245 | 1 | 0 |
_aОт А до Я за семейното здраве _cПол Джайънгранд; прев. Стефан Тодоров Сивков. |
| 257 | _aGBR | ||
| 260 |
_аПловдив _bХермес _c1995 |
||
| 300 |
_a319 с. _bс ил. _c25 см |
||
| 380 | _a61 | ||
| 500 | _aАвт. не е отбелязан на кор. - Ориг. загл. A - Z of Famili Health / Paul Giangrande. - 3 060 тир. | ||
| 650 | 4 |
_aБолести - справочници _9250827 |
|
| 653 | _aздраве | ||
| 653 | _aболести | ||
| 653 | _aсправочници | ||
| 659 | _aЛ | ||
| 852 | _aЦб 182680 | ||
| 856 | 4 |
_qpdf _u |
|
| 856 | 4 |
_qpdf _u |
|
| 942 |
_cKNG _n0 |
||
| 944 |
_aCR _c15.01.2003 _k30560 _lГеновева Генчева |
||
| 944 |
_aED _c25.06.2012 _k |
||
| 999 |
_c5946 _d5946 |
||